Analysis of Hydroxy Fatty Acids from the Pollen of Brassica campestris L. var. oleifera DC. by UPLC-MS/MS, Nian-Yun Yang, Yi-Fang Yang, and Kun Li (Record no. 330989)
[ view plain ]
| 000 -LEADER | |
|---|---|
| fixed length control field | 00445nam a2200121Ia 4500 |
| 008 - FIXED-LENGTH DATA ELEMENTS--GENERAL INFORMATION | |
| fixed length control field | 170516s9999 xx 000 0 und d |
| 245 ## - TITLE STATEMENT | |
| Title | Analysis of Hydroxy Fatty Acids from the Pollen of Brassica campestris L. var. oleifera DC. by UPLC-MS/MS, Nian-Yun Yang, Yi-Fang Yang, and Kun Li |
| 260 ## - PUBLICATION, DISTRIBUTION, ETC. (IMPRINT) | |
| Name of publisher, distributor, etc | Journal of Pharmaceutics |
| 260 ## - PUBLICATION, DISTRIBUTION, ETC. (IMPRINT) | |
| Date of publication, distribution, etc | 2013 |
| 300 ## - PHYSICAL DESCRIPTION | |
| Extent | : |
| 650 ## - SUBJECT ADDED ENTRY--TOPICAL TERM | |
| General subdivision | Pharmacy |
| 856 ## - ELECTRONIC LOCATION AND ACCESS | |
| Uniform Resource Identifier | <a href="https://www.hindawi.com/journals/jphar/contents/4/">https://www.hindawi.com/journals/jphar/contents/4/</a> |
| Withdrawn status | Lost status | Damaged status | Home library | Current library | Date acquired | Total Checkouts | Date last seen | Price effective from | Koha item type |
|---|---|---|---|---|---|---|---|---|---|
| College Library | College Library | 05/16/2017 | 05/16/2017 | 05/16/2017 | Foreign e-journal articles |